L'alfabeto degli affetti (Record n. 360277)

Dettagli MARC
000 -LEADER
campo di controllo lung. fissa 01578nam a22002177a 4500
003 - Identificatore del numero di controllo
campo di controllo IT-MiCISF
005 - Data e orario dell'ultima transazione
campo di controllo 20250416144226.0
008 - Elementi di lunghezza fissa--Informazione generale
campo di controllo lung. fissa 241217b |||||||| |||| 00| 0 eng d
020 ## - ISBN (International Standard Book Number)
ISBN (International Standard Book Number) 9788892980372
040 ## - Fonte della catalogazione
Agenzia che fa la modifica IT-MiCISF
041 ## - Codice di lingua
Codice di lingua del testo/traccia sonora o titolo separato it
100 ## - Accesso principale -- nome di persona
Nome di persona Ceriotti Migliarese Mariolina
9 (RLIN) 56614
245 ## - Formulazione del titolo
Titolo L'alfabeto degli affetti
260 ## - Pubblicazione, distribuzione, ecc. (stampa)
Luogo di pubblicazione, distribuzione, ecc. Milano,
Nome dell'editore, distributore, ecc. Ares,
Data di pubblicazione, distribuzione, ecc. 2021
300 ## - Descrizione fisica
Estensione pp. 182
500 ## - Nota generale
Nota generale famiglia, affettività, rapporti-familiari, relazione-di-coppia, educazione-familiare
520 ## - Riassunto, ecc.
Nota di riassunto, ecc. «Conoscere e definire le proprie emozioni e i propri affetti non è cosa ovvia: è necessario sapersi guardare dentro, ma anche avere un linguaggio per mettere in parole ciò che si prova. Il mondo interiore è una realtà complessa e avvincente, cui non sempre riusciamo a dar voce per mancanza di parole. Il lavoro di psicoterapeuta mi mette continuamente di fronte proprio a questa sfida appassionante: accompagnare le persone a guardarsi dentro, a raccontarsi, a rielaborare la propria storia in una narrazione nuova e condivisa, ricca di significato». In questo nuovo libro Mariolina Ceriotti Migliarese, amata dal grande pubblico per le sue riflessioni sulla «Famiglia imperfetta », prende spunto dagli eventi della vita quotidiana per aiutarci a decifrare la polifonia delle nostre emozioni profonde: traccia così un percorso concreto e ricco di esperienza per riscoprire l'«alfabeto degli affetti» e fronteggiare le ansie del nostro tempo con uno sguardo aperto alla speranza.
650 ## - Accesso aggiunto di soggetto--termine topico
Termine topico o nome geografico come accesso Famiglia
654 ## - Accesso aggiunto di soggetto--termini topici faccettati
Termine principale antologia
942 ## - Dati aggiuntivi (Koha)
Fonte della classificazione o dello schema di collocazione (segnatura) Dewey Decimal Classification
Tipo copia default (Koha) LIBRO
Dati di copia
Ritirato (status) Perso (status) Fonte della classificazione o dello schema di collocazione (segnatura) Danneggiato (status) Non per il presito Biblioteca proprietaria Biblioteca in cui si trova Data d'acquisizione Totale prestiti Collocazione Codice a barre Data ultima operazione Prezzo in vigore dal Tipo copia default (Koha)
    Dewey Decimal Classification Buone Condizioni Not For Loan CISF - Milano CISF - Milano 17/12/2024   B7856 9788892980372 17/12/2024 17/12/2024 LIBRO
CREDITS: SOCIETA' SAN PAOLO Via A.Severo, 58 - ROMA (RM) & PERIODICI SAN PAOLO SRL Via Giotto, 36 MILANO & CISF Via Giotto, 36 MILANO & EDIZIONI SAN PAOLO SRL,  Piazza Soncino, 5 CINISELLO BALSAMO (MI) -- ITALY